000 01962cam a22004694i 4500
003 PE-LiUPU
005 20250731175644.0
008 150616s r 000 0 d
035 _a(Sirsi) a6022
040 _aPE-LiUPU
_bspa
_cPE-LiUPU
_erda
049 _aPRUA
082 0 4 _a487.4225
_bU732
_221
100 1 _aUrban, Angel,
_eautor.
245 1 0 _aEstudios de Nuevo Testamento :
_bCuestiones de Grámatica y Lexico.
_n2 /
_cAngel Urban.
264 1 _aMadrid :
_bEdiciones Cristiandad,
_c1977.
300 _a150 páginas ;
_c25 cm.
336 _atext
_2rdacontent
337 _aunmediated
_2rdamedia
338 _avolume
_2rdacarrier
490 0 _aInstitución San Jerónimo, Estudios de Nuevo Testamento ;
_v2
504 _aCitas Bíblicas: páginas 141-148.
505 0 _aEl doble aspecto estático- dinámico de la preposición en el NT.- El imperfecto sucesivo en el NT.
526 _aP145
526 _aP127
526 _aP97
526 _aP35
526 _aP14
526 _aP07
630 _aBiblia.
_pN.T.
_xGramática.
700 1 _aMateos, Juan
700 1 _aAlepuz, Miguel.
910 _ajck
_bjvq
_cjck
942 _2ddc
_cBOOK
949 _a487.4225 U73 2
_wDEWEY
_c1
_i38711
_lCCODEBUL1
_mBUL
_p00.00
_r0
_sY
_tBOOK
_u2015-04-23
_xTEOLOGIA
_zUNKNOWN
_0COMPRA
_o.STAFF. Colección General
949 _a487.4225 U73 2
_wDEWEY
_c2
_i19421
_lCCODEBUL1
_mBUL
_p00.00
_r0
_sY
_tBOOK
_u19950928
_xTEOLOGIA
_zUNKNOWN
_0COMPRA
_o.STAFF. Colección General
994 _aC0
_bPEPRU
596 _a1
999 _a487.4225 U73 2
_wDEWEY
_c57112
_i38711
_d57112
_f2021-11-11
_g6
_lCCODEBUL1
_mBUL
_q1
_r0
_sY
_tBOOK
_u2015-4-23
_xTEOLOGIA
_zUNKNOWN
_0COMPRA
_o.STAFF. Colección General
999 _a487.4225 U73 2
_wDEWEY
_c2
_i19421
_f2021-11-11
_g6
_lCCODEBUL1
_mBUL
_r0
_sY
_tBOOK
_u2015-6-16
_xTEOLOGIA
_zUNKNOWN
_0COMPRA
_o.STAFF. Colección General
980 _81
_gALBERTO SANCHEZ Responsable de Automatización